'Sa' yilekkulla vandi/ (Record no. 38870)

000 -LEADER
fixed length control field 00379nam a22001451a 4500
082 ## - DEWEY DECIMAL CLASSIFICATION NUMBER
Classification number M301
Item number RAM/S
100 ## - MAIN ENTRY--AUTHOR NAME
Personal name Ramesh K K
245 ## - TITLE STATEMENT
Title 'Sa' yilekkulla vandi/
Statement of responsibility, etc by Ramesh K K
260 ## - PUBLICATION, DISTRIBUTION, ETC. (IMPRINT)
Place of publication Kottayam:
Name of publisher Sahitya Pravartaka Co-operative Society,
Year of publication 2011.
300 ## - PHYSICAL DESCRIPTION
Number of Pages 87p.
650 ## - SUBJECT ADDED ENTRY--TOPICAL TERM
Topical Term Stories Malayalam
650 ## - SUBJECT ADDED ENTRY--TOPICAL TERM
Topical Term Literature Malayalam
650 ## - SUBJECT ADDED ENTRY--TOPICAL TERM
Topical Term Literature
942 ## - ADDED ENTRY ELEMENTS (KOHA)
Koha item type Book
Holdings
Withdrawn status Lost status Damaged status Not for loan Permanent Location Current Location Date acquired Cost, normal purchase price Full call number Accession Number Cost, replacement price Price effective from Koha item type
        Sree Sankaracharya University of Sanskrit Sree Sankaracharya University of Sanskrit 08.01.2015 60.00 M301 RAM/S 065401 0.00 08.01.2015 Book